00602nam a2200181 a 450008200160000010000140001624500720003026000460010230000090014850000350015750500100019265000260020265000210022870000140024994200070026395201330027099900170040300a294.53bCRO aCrooke, W aIntroduction to the Popular Religion and Folklore of Northern India aMadrasbAsian Educational Services c1994 a420p aincludes index and biblioraphy2 aIndex aFolk Literature-India aHinduism-Rituals1 aCrooke, W cBK 001040708StackRoom-aHMIbHMId2008-08-13g100.00l11m1o294.53 CROp016231r2025-11-21s2025-11-07v100.00w2005-05-24yBK c11760d11760